Statistics for Soccer Teams Robert Lewandowski Has Played For

Click here to take the quiz!

General Stats

  • This quiz has been taken 53 times
  • The average score is 4 of 5

Answer Stats

YearsAppsGoalsTeam% Correct
2014-2021311270Bayern Munich
100%
2010-2014187103Borussia Dortmund
96%
2008-2020
(International)
11663Poland
96%
2008-20108241Lech Poznań
59%
2006-20086638Znicz Pruszków
28%

Score Distribution

Percentile by Number Answered

Percent of People with Each Score

Your Score History

You have not taken this quiz